Catálogo

La evangelización del mundo contemporáneo : (Registro nro. 25926)

Detalles MARC
000 -LEADER
fixed length control field 01426cam a2200385 i 4500
001 - CONTROL NUMBER
control field 25926
003 - CONTROL NUMBER IDENTIFIER
control field Mx-PuUPA
005 - DATE AND TIME OF LATEST TRANSACTION
control field 20250430095607.0
008 - FIXED-LENGTH DATA ELEMENTS--GENERAL INFORMATION
fixed length control field 140415s1981 sp gr 000 0 spa d
017 ## - COPYRIGHT OR LEGAL DEPOSIT NUMBER
Copyright or legal deposit number M. 42.145-1981
020 ## - INTERNATIONAL STANDARD BOOK NUMBER
International Standard Book Number 8428803250
040 ## - CATALOGING SOURCE
Original cataloging agency Mx-PuUPA
Language of cataloging spa
Transcribing agency Mx-PuUPA
Modifying agency Mx-PuUPA
Description conventions rda
041 1# - LANGUAGE CODE
Language code of text/sound track or separate title spa
Language code of original und
100 1# - MAIN ENTRY--PERSONAL NAME
Personal name Pablo
Numeration VI,
Titles and words associated with a name Papa,
Dates associated with a name 1897-1978.
Relator term autor
245 13 - TITLE STATEMENT
Title La evangelización del mundo contemporáneo :
Remainder of title exhortación apostólica de Pablo VI /
Statement of responsibility, etc. Pablo VI ; traducción castellana de la Políglota Vaticana
250 ## - EDITION STATEMENT
Edition statement Novena edición /
Remainder of edition statement diciembre
264 #1 - PRODUCTION, PUBLICATION, DISTRIBUTION, MANUFACTURE, AND COPYRIGHT NOTICE
Place of production, publication, distribution, manufacture Madrid, España :
Name of producer, publisher, distributor, manufacturer PPC Editorial,
Date of production, publication, distribution, manufacture, or copyright notice ©1981
300 ## - PHYSICAL DESCRIPTION
Extent páginas ;
Dimensions 20 cm
336 ## - CONTENT TYPE
Fuente rdacontent
Content type term texto
Content type code txt
337 ## - MEDIA TYPE
Source rdamedia
Media type term sin medio
Media type code n
338 ## - CARRIER TYPE
Source rdacarrier
Carrier type term volumen
Carrier type code nc
490 0# - SERIES STATEMENT
Series statement Documentos de Estudios ;
Volume/sequential designation 9
650 #7 - SUBJECT ADDED ENTRY--TOPICAL TERM
Source of heading or term armarc
Topical term or geographic name entry element Obispos
General subdivision
650 #7 - SUBJECT ADDED ENTRY--TOPICAL TERM
Source of heading or term armarc
Topical term or geographic name entry element Iglesia Católica
General subdivision Documentos doctrinales
650 #7 - SUBJECT ADDED ENTRY--TOPICAL TERM
Source of heading or term armarc
Topical term or geographic name entry element Iglesia Católica
General subdivision Historia
-- Papa, (1963-1978 : Paulo VI)
650 #7 - SUBJECT ADDED ENTRY--TOPICAL TERM
Source of heading or term armarc
Topical term or geographic name entry element Iglesia Católica
General subdivision Historia
Chronological subdivision Siglo XX
650 #7 - SUBJECT ADDED ENTRY--TOPICAL TERM
Source of heading or term armarc
Topical term or geographic name entry element Evangelización
650 #7 - SUBJECT ADDED ENTRY--TOPICAL TERM
Source of heading or term armarc
9 (RLIN) 13986
Topical term or geographic name entry element Documentos pontificios
650 #7 - SUBJECT ADDED ENTRY--TOPICAL TERM
Source of heading or term armarc
9 (RLIN) 13986
Topical term or geographic name entry element Teología pastoral
650 #7 - SUBJECT ADDED ENTRY--TOPICAL TERM
Source of heading or term armarc
9 (RLIN) 13986
Topical term or geographic name entry element Cristianismo
710 2# - ADDED ENTRY--CORPORATE NAME
Corporate name or jurisdiction name as entry element Poliglota Vaticana,
Relator term traductor
942 ## - ADDED ENTRY ELEMENTS (KOHA)
Source of classification or shelving scheme Dewey Decimal Classification
Koha item type Libro
Classification part 262.91
Item part P52
Existencias
Withdrawn status Lost status Source of classification or shelving scheme Damaged status Not for loan Collection code Home library Current library Shelving location Date acquired Source of acquisition Total Checkouts Full call number Barcode Date last seen Price effective from Koha item type
    Dewey Decimal Classification     General Centro de Estudios Guadalupanos Centro de Estudios Guadalupanos Sala general 03/12/2013   262.91 P52 1981 45284 05/01/2026 03/12/2013 Libro